Installation of the chancellor : Friday 13th October, 1989 : His Excellency the President of The Republic of Zambia, Dr. Kenneth David Kaunda, Chancellor of The Copperbelt University (Record no. 47045)

MARC details
000 -LEADER
fixed length control field 00696nam a2200133 a 4500
008 - FIXED-LENGTH DATA ELEMENTS--GENERAL INFORMATION
fixed length control field 220719s1989 ||||||||||||||||| || u
050 ## - LIBRARY OF CONGRESS CALL NUMBER
Classification number CBU(02)1989/1
110 ## - MAIN ENTRY--CORPORATE NAME
Corporate name or jurisdiction name as entry element Copperbelt University
245 10 - TITLE STATEMENT
Title Installation of the chancellor : Friday 13th October, 1989 : His Excellency the President of The Republic of Zambia, Dr. Kenneth David Kaunda, Chancellor of The Copperbelt University
Statement of responsibility, etc. By The Copperbelt University(CBU)
260 ## - PUBLICATION, DISTRIBUTION, ETC.
Place of publication, distribution, etc. Kitwe
Name of publisher, distributor, etc. Copperbelt University
Date of publication, distribution, etc. 1989
300 ## - PHYSICAL DESCRIPTION
Extent [various pages]
650 ## - SUBJECT ADDED ENTRY--TOPICAL TERM
Topical term or geographic name entry element Kaunda, Kenneth D. (Kenneth David), 1924-2021
995 ## - RECOMMENDATION 995 [LOCAL, UNIMARC FRANCE]
-- CBU-MAIN LIBRARY (Kitwe)
-- 1
-- AVAILABLE
-- Jul 19, 2022
-- University Collection
Holdings
Withdrawn status Lost status Source of classification or shelving scheme Damaged status Not for loan Home library Current library Shelving location Date acquired Total Checkouts Full call number Barcode Date last seen Price effective from Koha item type
          CBU-MAIN LIBRARY, KITWE. CBU-MAIN LIBRARY, KITWE.   11/30/2022   CBU(02)1989/1 B4946 11/30/2022 11/30/2022 MONOGRAPH